MARC details
| 000 -LEADER |
| campo de control de longitud fija |
02296nam a22004217a 4500 |
| 003 - IDENTIFICADOR DE NÚMERO DE CONTROL |
| campo de control |
BO-EaUP |
| 005 - FECHA Y HORA DE LA ÚLTIMA TRANSACCIÓN |
| campo de control |
20260504173909.0 |
| 008 - DATOS DE LONGITUD FIJA--INFORMACIÓN GENERAL |
| campo de control de longitud fija |
260504b2023 ck |||||r|||| 00| 0 spasd |
| 020 ## - NÚMERO INTERNACIONAL ESTÁNDAR DEL LIBRO |
| Número Internacional Estándar del Libro |
978-958-503-567-6 |
| 040 ## - FUENTE DE CATALOGACIÓN |
| Centro catalogador/agencia de origen |
BO-EaUP |
| Centro/agencia transcriptor |
Biblioadmiempresas |
| Normas de descripción |
RDA |
| Lengua de catalogación |
spa |
| 041 ## - CÓDIGO DE IDIOMA |
| Código de lengua del texto/banda sonora o título independiente |
spa |
| Código de lengua original |
spa |
| 043 ## - CÓDIGO DE ÁREA GEOGRÁFICA |
| Código de área geográfica |
s-ck |
| 082 ## - NÚMERO DE LA CLASIFICACIÓN DECIMAL DEWEY |
| Número de edición |
21 |
| Número de clasificación |
658.5 |
| 092 ## - ASIGNACIÓN LOCAL DE SIGNATURA TOPOGRÁFICA DEWEY (OCLC) |
| Número de clasificación |
658.5 |
| Característica del encabezamiento |
LOGÍSTICA |
| Signatura Librística |
M8271g.3 |
| 100 ## - ENTRADA PRINCIPAL--NOMBRE DE PERSONA |
| Nombre de persona |
Mora García, Luís Anibal |
| Término indicativo de función/relación |
Autor |
| 9 (RLIN) |
55 |
| Fechas asociadas al nombre |
1963- |
| 245 10 - MENCIÓN DEL TÍTULO |
| Título |
Gestión Logística Integral : |
| Subtítulo |
las mejores prácticas en la cadena de abastecimiento / |
| Mención de responsabilidad, etc. |
Luís Mora G. |
| 250 ## - MENCION DE EDICION |
| Mención de edición |
Tercera edición |
| 260 ## - PUBLICACIÓN, DISTRIBUCIÓN, ETC. |
| Lugar de publicación, distribución, etc. |
Bogotá : |
| Nombre del editor, distribuidor, etc. |
Ecoe Ediciones, |
| Fecha de publicación, distribución, etc. |
2023 |
| 300 ## - DESCRIPCIÓN FÍSICA |
| Extensión |
xxviii, 136 páginas ; |
| Otras características físicas |
Ilustraciones (blanco y negro), tablas, gráficos ; Tapa blanda ; |
| Dimensiones |
17 x 24 centímetros ; |
| Tipo de unidad |
impreso |
| 336 ## - TIPO DE CONTENIDO |
| Fuente |
rdacontent |
| Término de tipo de contenido |
texto |
| Código de tipo de contenido |
txt |
| 337 ## - TIPO DE MEDIO |
| Fuente |
rdamedia |
| Nombre/término del tipo de medio |
no mediado |
| Código del tipo de medio |
n |
| 338 ## - TIPO DE SOPORTE |
| Fuente |
rdacarrier |
| Nombre/término del tipo de soporte |
volumen |
| Código del tipo de soporte |
nc |
| 505 2# - NOTA DE CONTENIDO CON FORMATO |
| Nota de contenido con formato |
Capítulo 1. Gerencia de la Cadena de Abastecimientos.- |
| 505 2# - NOTA DE CONTENIDO CON FORMATO |
| Nota de contenido con formato |
Capítulo 2. Los macroprocesos en la gestión logística.- |
| 505 2# - NOTA DE CONTENIDO CON FORMATO |
| Nota de contenido con formato |
Capítulo 3. Costos e indicadores de la gestión logística.- |
| 505 2# - NOTA DE CONTENIDO CON FORMATO |
| Nota de contenido con formato |
Capítulo 4. Tendencias y Proyecciones de la logística integral.- |
| 505 2# - NOTA DE CONTENIDO CON FORMATO |
| Nota de contenido con formato |
Capítulo 5. Cadenas de abastecimientos 4.0 (industria y Logística 4.0) |
| 520 ## - RESUMEN, ETC. |
| Sumario, etc. |
Esta obra describe el campo de la logística a través de sus macroprocesos, costos, indicadores, tendencias y proyecciones. Con apoyo de material visual y estadísticas, presenta las mejores prácticas y aplicaciones en la gestión logística incluyendo todos sus procesos operativos y tendencias del mercado. Esta tercera edición se enfoca en la Industria y Logística 4.0 en lo relacionado con la tecnificación y digitalización de la cadena de abastecimientos. |
| 521 ## - NOTA DE PÚBLICO DESTINATARIO |
| Nota de público destinatario |
Dirigido a estudiantes, tecnólogos y profesionales de logística e involucrados en la cadena y procesos de abastecimiento, almacenamiento, transporte, distribución y servicio al cliente. |
| 650 ## - PUNTO DE ACCESO ADICIONAL DE MATERIA--TÉRMINO DE MATERIA |
| Término de materia o nombre geográfico como elemento de entrada |
LOGÍSTICA EMPRESARIAL |
| 9 (RLIN) |
195 |
| 650 ## - PUNTO DE ACCESO ADICIONAL DE MATERIA--TÉRMINO DE MATERIA |
| Término de materia o nombre geográfico como elemento de entrada |
OPERACIONES Y PROYECTOS |
| 9 (RLIN) |
5926 |
| 653 ## - TÉRMINO DE INDIZACIÓN--NO CONTROLADO |
| Término no controlado |
ADMINISTRACIÓN DE MATERIALES |
| 653 ## - TÉRMINO DE INDIZACIÓN--NO CONTROLADO |
| Término no controlado |
INDICADORES DE GESTIÓN |
| 653 ## - TÉRMINO DE INDIZACIÓN--NO CONTROLADO |
| Término no controlado |
GESTIÓN DE ALMACENES |
| 653 ## - TÉRMINO DE INDIZACIÓN--NO CONTROLADO |
| Término no controlado |
GESTIÓN UBDUSTRIAL |
| 653 ## - TÉRMINO DE INDIZACIÓN--NO CONTROLADO |
| Término no controlado |
ORGANIZACIÓN INDUSTRIAL |
| 942 ## - ELEMENTOS DE ENTRADA SECUNDARIOS (KOHA) |
| Fuente del sistema de clasificación o colocación |
Clasificación Decimal Dewey |
| Tipo de ítem Koha |
Libros |
| Suprimir en OPAC |
No |
| Edición |
21 |